000 01341pam a2200397 a 4500
001 4316
003 FISKH
005 20240717145839.0
008 911220s1992 nyua b 000 1 eng
010 _a 91051104
020 _a0679826424
020 _a9780590639033
020 _a0679926429 (lib. bdg.)
040 _aDLC
_cDLC
_dDLC
_beng
050 _aPZ7.P2197
082 _a813.54
100 1 _aPark, Barbara.
245 1 0 _aJunie B. Jones and the stupid smelly bus /
_cby Barbara Park ; illustrated by Denise Brunkus.
250 _aFirst Scholastic printing, September 1998.
260 _aNew York : Scholastic, 1992.
300 _a69 pages :
_billustrations ;
_c20 cm
490 1 _a[The Junie B. Jones series ;
_vBook 1
500 _aSeries title and number from v. 5.
500 _a"A First stepping stone book."
505 _aK
520 _aIn her own words, a young girl describes her feelings about starting kindergarten and what she does when she decides not to ride the bus home.
521 8 _a520
_bLexile
521 8 _aK
_bRaz-Plus
650 1 _aKindergarten
_xFiction.
650 1 _aSchool buses
_xFiction.
650 1 _aSchools
_xFiction.
700 1 _aBrunkus, Denise,
_eillustrator
906 _a7
_bcbc
_corignew
_d1
_eocip
_f19
_gy-gencatlg
942 _2ddc
_cBK
_n0
999 _c4316
_d4316